00512nam a22001577a 450000500170000002000250001703700140004210000220005624500450007826000330012327000410015630000290019794200170022699900170024395200940026020111212135955.0 a9788121937320c89.00 bS. Chand  aPipe, Jim 936834 aLook and play racing cars /cby Jim Pipe aNew Delhi bS. Chand c2011 a7361, Ram Nagar bNew Delhi e110055 a24p. bill. c24cm(pbk)  2ddccCHmPIP c59290d59290 00104070aAGbAGd2011-12-12g89.00l0oPIPr2011-12-12 00:00:00v89.00w2011-12-12yCH